• 首页
  • 本馆介绍
  • 公告通知
  • 最新文献
  • 馆藏检索
  • 电子资源
  • 读者导购
  • 参考咨询
  • 我的图书馆
  • 登录
  • 详细信息显示
  • 放入我的书架
  • 预约/预借图书
  • 作者相关作品
  • 分类相关作品
  • 丛书相关作品
  • 出版社相关作品

书目信息

  • 表格格式
  • 工作单格式
  • 卡片格式
题名:
中老年健身迪斯科
    
 
作者: 刘承鸾 著
分册:  
出版信息: 北京   北京大学出版社  1988
页数: 55页
开本: 18cm
丛书名:
单 册:
中图分类: R161.7 , J722.9
科图分类:
主题词: 中年人--迪斯科--舞蹈动作 , 老年人--迪斯科--舞蹈动作
电子资源:
ISBN: 7-301-00617-9
000 00681nam0 2200241 450
001 1530897496
005 20150131083511.37
010    @a7-301-00617-9@dCNY0.80
100    @a20021122d1988 em y0chiy0110 ea
101 0  @achi
102    @aCN@b110000
105    @aa z 000yy
200 1  @a中老年健身迪斯科@9zhong lao nian jian shen di si ke@f刘承鸾著
210    @a北京@c北京大学出版社@d1988
215    @a55页@c图@d18cm
300    @a封面题:刘承鸾编著
606 0  @a中年人@x迪斯科@x舞蹈动作
606 0  @a老年人@x迪斯科@x舞蹈动作
690    @aR161.7@v5
690    @aJ722.9@v5
701  0 @a刘承鸾@9liu cheng luan@4著
801  0 @aCN@bTSSF@c20150131
905    @aZUCC@dR161.7@eJY1
    
    中老年健身迪斯科/刘承鸾著.-北京:北京大学出版社,1988
    55页:图;18cm
    封面题:刘承鸾编著
    
    ISBN 7-301-00617-9:CNY0.80
    
●
相关链接 在E读中查询图书 在五车中查询图书 在当当中查询图书 在豆瓣中查询图书


正题名:中老年健身迪斯科     索取号:R161.7/JY1         预约/预借

序号 登录号 条形码 馆藏地/架位号 状态 备注
1 7858972   278589724   学院路分馆/ [索取号:R161.7/JY1] 在馆    
唐山师范学院图书馆 欢迎您!
大连网信软件有限公司© 版权所有